| 000 | 01602nam a22001577a 4500 | ||
|---|---|---|---|
| 041 | _aukr | ||
| 080 | _a09 | ||
| 090 | _bКОС | ||
| 100 | _aКосік Ю. А. | ||
| 245 | _aОсобливості функціонування німецьких запозичень XVI-XX століть в сучасній англійській мові. | ||
| 260 |
_aОстрог _bКАФ _c2003 |
||
| 300 | _a44 | ||
| 520 |
_aРозділ 1. Запозичення як процес взаємодії англійської та німецької мов.
1.1.Запозичення як джерело поповнення словникового складу англійської мови.
1.2. Історія німецьких запозичень в англійській мові та сфери їх вживання.
Розділ 2. Типи та специфіка німецьких запозичень у сучасній англійській мові.
2.1. Семантика та структурно-морфологічна характеристика власне запозичень з німецької мови в сучасній англійській мові.
2.2. Асиміляція запозичень з німецької мови в сучасній англійській мові.
2.3. Кальки і семантичні запозичення з німецької мови в сучасній англійській мові. _0лексикологія, семантика, запозичення, німецька |
||
| 650 | _aResearch Papers | ||
| 999 |
_c281851 _d281851 |
||
| 942 | _cBK | ||